| Tag |
First Indicator |
Second Indicator |
Subfields |
| LEADER |
00000cam a22000001a 4500 |
| 001 |
in00003274792 |
| 006 |
m d f |
| 007 |
cr bn mmmapmmp |
| 008 |
100831s1976 dcu o f000 0 eng d |
| 005 |
20260501135852.8 |
| 035 |
|
|
|a cis2007810457
|
| 040 |
|
|
|a LexisNexis
|c LexisNexis
|d UtOrBLW
|
| 043 |
|
|
|a n-us---
|
| 086 |
0 |
|
|a Y 1.2:Sm 1/953-76
|
| 099 |
|
|
|a CMP-1976-HOR-0019
|
| 110 |
1 |
|
|a United States.
|b Congress.
|b House.
|
| 245 |
1 |
0 |
|a Small Business Administration and Investment Act with Amendments, 1953-76.
|
| 264 |
|
1 |
|a [Place of publication not identified] :
|b [publisher not identified],
|c 1976.
|
| 300 |
|
|
|a 1 online resource.
|
| 336 |
|
|
|a text
|b txt
|2 rdacontent
|
| 337 |
|
|
|a computer
|b c
|2 rdamedia
|
| 338 |
|
|
|a online resource
|b cr
|2 rdacarrier
|
| 500 |
|
|
|a Record is based on bibliographic data in LexisNexis U.S. Congressional Research Digital Collection (last viewed Aug. 2010). Reuse except for individual research requires license from LexisNexis.
|
| 500 |
|
|
|a Print.
|
| 520 |
|
|
|a Updated compilation, prepared by Gilman G. Udell, House of Representatives Document Room Superintendent, containing texts of Small Business Act of 1953 (p. 3-11) and Small Business Investment Act of 1958 (p. 40-50), and full and partial texts of all amending public laws, 84th through 94th Congresses.
|
| 520 |
|
|
|a CIS microfiche for this record are filed with "H940" rather than "H942" accession numbers.
|
| 500 |
|
|
|a Electronic resource.
|
| 610 |
1 |
0 |
|a United States.
|t Laws, etc. (Statutes of the United States)
|
| 610 |
1 |
0 |
|a United States.
|b Small Business Administration.
|
| 650 |
|
0 |
|a Investments.
|
| 655 |
|
7 |
|a Electronic books.
|2 local
|
| 710 |
2 |
|
|a ProQuest (Firm)
|
| 776 |
0 |
8 |
|i Microfiche version:
|a United States. Congress. House.
|t Small Business Administration and Investment Act with Amendments, 1953-76
|
| 830 |
|
0 |
|a U.S. Congressional Research.
|
| 856 |
4 |
0 |
|u http://proxy.library.tamu.edu/login?url=https://congressional.proquest.com/congcomp/getdoc?CRDC-ID=CMP-1976-HOR-0019
|z Connect to the full text of this electronic book
|t 0
|
| 999 |
|
|
|a MARS
|
| 999 |
f |
f |
|s 5ea98ce7-a31a-33c6-b27e-c27bc175e487
|i e3821788-4458-3a04-bc66-6d7adae7a7ec
|t 0
|
| 952 |
f |
f |
|a Texas A&M University
|b College Station
|c Electronic Resources
|s www_evans
|d Available Online
|t 0
|e CMP-1976-HOR-0019
|h Other scheme
|
| 998 |
f |
f |
|a CMP-1976-HOR-0019
|t 0
|l Available Online
|